Cold War Countries in 1980 - Statistics

General Stats
  • This quiz has been taken 315 times
  • The average score is 72 of 168
Answer Stats
Countries % Correct
United Sates of America
93%
United Kingdom
89%
Poland
87%
France
86%
Soviet Union
85%
Spain
84%
Canada
83%
Bulgaria
79%
China
79%
Italy
79%
Romania
79%
West Germany
79%
Hungary
78%
Norway
78%
Turkey
78%
Belgium
77%
North Korea
77%
Portugal
77%
Greece
76%
Vietnam
76%
Czechoslovakia
75%
Albania
74%
Denmark
74%
East Germany
74%
Japan
72%
Netherlands
72%
Sweden
70%
Cuba
69%
Finland
69%
India
69%
Luxembourg
69%
South Korea
68%
Iceland
67%
Australia
66%
Iran
66%
Brazil
65%
Egypt
64%
Iraq
64%
Mexico
64%
Pakistan
64%
Afghanistan
63%
Austria
63%
Cambodia
63%
Ireland
62%
Laos
61%
Mongolia
61%
New Zealand
60%
Argentina
59%
Israel
59%
Indonesia
57%
Libya
57%
Thailand
57%
Algeria
55%
Chile
55%
Ethiopia
54%
Syria
54%
Switzerland
53%
Somalia
52%
Panama
51%
Peru
51%
Congo
50%
Angola
49%
Colombia
49%
Taiwan
49%
Nicaragua
48%
Kuwait
46%
Malaysia
46%
Venezuela
46%
Haiti
45%
Paraguay
45%
Guatemala
44%
Uruguay
44%
Jordan
43%
Niger
43%
Oman
43%
Sudan
43%
Morocco
42%
Nepal
42%
Nigeria
42%
Bolivia
41%
Tunisia
41%
Burma
40%
Ecuador
40%
Honduras
40%
United Arab Emirates
40%
Dominica
39%
Lebanon
39%
Singapore
39%
Costa Rica
38%
Andorra
37%
Bangladesh
37%
El Salvador
37%
Bhutan
36%
Guyana
36%
Jamaica
36%
Kenya
36%
Mali
36%
Qatar
36%
Suriname
36%
Philippines
35%
Benin
34%
Dominican Republic
34%
Monaco
34%
San Marino
34%
Bahrain
33%
Chad
33%
Mozambique
33%
Vatican
33%
Zimbabwe
33%
Malta
32%
Bahamas
30%
Cyprus
30%
Ghana
29%
Grenada
28%
Liechtenstein
28%
Mauritania
28%
Tanzania
28%
Togo
28%
Guinea
27%
Sri Lanka
27%
Zambia
27%
Barbados
26%
Madagascar
26%
Trinidad and Tobago
26%
Burkina Faso
25%
Djibouti
24%
Uganda
24%
Senegal
23%
Central African Republic
22%
Democratic Republic of Congo
22%
Guinea-Bissau
22%
Liberia
22%
Rwanda
22%
South Yemen
22%
Gabon
21%
Papua New Guinea
21%
Botswana
20%
Burundi
20%
Cameroon
20%
Gambia
20%
Sierra Leone
19%
Equatorial Guinea
18%
Fiji
18%
Tonga
18%
North Yemen
17%
Samoa
17%
Solomon islands
17%
Ivory Coast
16%
Malawi
16%
Tuvalu
16%
Vanuatu
16%
Comoros
15%
Sao Tome and Principe
15%
Cape Verde
14%
Kiribati
14%
Mauritius
14%
Nauru
14%
Swaziland
14%
Lesotho
13%
Maldives
13%
Seychelles
13%
Armenia
11%
Belarus
11%
East Timor
11%
Georgia
10%
Bosnia and Herzegovina
6%
Saint Lucia
3%
Saint Vincent
2%
No matching quizzes found
Score Distribution
Percent of People with Each Score
Percentile by Number Answered
Your Score History
You have not taken this quiz